00670nam a2200217Ia 450000500170000000800410001702000150005808200220007310000130009524500940010826000630020230000120026565000110027765000100028865000130029865000100031165000120032194200060033395200980033999900150043720250319040254.0240331s9999 xx 000 0 und d a0761993118 a302.23bKAZ24242 aKazmi, F 0aThe Politics of India's Conventional Cinema:bImaging a Universe, Subverting a Multiverse aNew Delhi;aCalifornia;aLondon, bSAGE Publicationsc1999 a254 p., aCinema aMedia aPolitics aIndia aCulture cL 001040708LaWERCLbWERCLcSSCd2024-03-31l0o 302.23 KAZp4242r2024-03-31w2024-03-31yL c1111d1111